| 000 -ლიდერი |
| ფიქსირებული სიგრძის საკონტროლო ველი |
01390nam a2200277Ia 4500 |
| 001 - საკონტროლო ნომერი |
| საკონტროლო ველი |
20569 |
| 003 - საკონტროლო ნომრის იდენტიფიკატორი |
| საკონტროლო ველი |
GE_BSU |
| 005 - ბოლო ოპერაციის თარიღი და დრო |
| საკონტროლო ველი |
20210222151706.0 |
| 008 - ფიქსირებული სიგრძის მონაცემთა ელემენტები - ზოგადი ინფორმაცია |
| ფიქსირებული სიგრძის საკონტროლო ველი |
181216s2011||||ge |||||||||||||| ||geo|| |
| 020 ## - წიგნის საერთაშორისო სტანდარტული ნომერი |
| International Standard Book Number |
978-9941-0-2848-9 |
| 040 ## - კატალოგიზაციის წყარო |
| Transcribing agency |
GE_BSU |
| 041 ## - ენის კოდი |
| Language code of text/sound track or separate title |
geo |
| 080 ## - უნივერსალური ათობითი კლასიფიკაციის ინდექსი |
| Universal Decimal Classification number |
616.314(075.8) მ-23 |
| 100 ## - მთავარი ჩანაწერი - პიროვნების სახელი |
| Personal name |
მამალაძე, მარინა |
| 9 (RLIN) |
3459 |
| 245 ## - ცნობა სათაურის შესახებ |
| Title |
ოპერაციული ოდონტოლოგია ნაწ. 1 : |
| Remainder of title |
სახელმძღვ. სტომატოლოგიის ფაკ-ტის სტუდენტებისა და რეზიდენტებისთვის / |
| Statement of responsibility, etc |
მარინა მამალაძე, ნინო კორსანტია, ლია სანოძე. |
| 264 ## - წარმოების, გამოცემის, დისტრიბუციის და სხვა ცნობები |
| გამოცემის, წარმოების, დისტრიბუციის... ადგილი |
თბილისი : |
| გამოცემის, წარმოების, დისტრიბუციის... სახელწოდება |
შპს "ფავორიტი პრინტი, |
| გამოცემის, წარმოების, დისტრიბუციის... თარიღი |
2011, |
| 300 ## - ფიზიკური აღწერა |
| Extent |
311 გვ. : |
| Other physical details |
ილ. + 1 CD ; |
| Dimensions |
23 სმ. |
| 504 ## - BIBLIOGRAPHY, ETC. NOTE |
| Bibliography, etc |
ბიბლიოგრ. თავების ბოლოს |
| 653 ## - INDEX TERM--UNCONTROLLED |
| Uncontrolled term |
მედიცინა |
| 653 ## - INDEX TERM--UNCONTROLLED |
| Uncontrolled term |
ოპერაციული ოდონტოლოგია |
| 653 ## - INDEX TERM--UNCONTROLLED |
| Uncontrolled term |
სტომატოლოგია |
| 700 ## - ADDED ENTRY--PERSONAL NAME |
| Personal name |
კორსანტია, ნინო |
| Relator term |
ავტორი |
| 9 (RLIN) |
3460 |
| 700 ## - ADDED ENTRY--PERSONAL NAME |
| Personal name |
სანოძე, ლია |
| Relator term |
ავტორი |
| 9 (RLIN) |
10188 |
| 942 ## - ADDED ENTRY ELEMENTS (KOHA) |
| Koha item type |
წიგნი |
| Source of classification or shelving scheme |
|